• 首页
  • 本馆介绍
  • 公告通知
  • 最新文献
  • 馆藏检索
  • 电子资源
  • 读者导购
  • 参考咨询
  • 我的图书馆
  • 登录
  • 详细信息显示
  • 放入我的书架
  • 预约/预借图书
  • 作者相关作品
  • 分类相关作品
  • 丛书相关作品
  • 出版社相关作品

书目信息

  • 表格格式
  • 工作单格式
  • 卡片格式
题名:
植物检疫方法与技术
    
 
作者: 洪霓
分册:  
出版信息: 北京   化学工业出版社  2005
页数: 242
开本: 26cm
丛书名: 农业生物技术系列
单 册:
中图分类: S41
科图分类:
主题词: 植物检疫
电子资源:
ISBN: 7-5025-7928-1
000 00570nam0 2200205 450
001 0741144344
005 20070817112544.34
010    @a7-5025-7928-1@d¥35.00
100    @a20070817d km y0chiy0120 ea
101 0  @achi
200 1  @a植物检疫方法与技术@Azhi wu jian yi fang fa yu ji shu@f洪霓@Fhong ni
210    @a北京@c化学工业出版社@d2005
215    @a242@c彩图@d26cm
225 2  @a农业生物技术系列
410  0 @12001 @a农业生物技术系列
606 0  @a植物检疫
690    @aS41@v3
701  0 @a洪霓@Ahong ni
801  0 @aCN@bPFT@c20070817
905    @a213230@dS41@en2@f1
    
    植物检疫方法与技术/洪霓.-北京:化学工业出版社,2005
    242:彩图;26cm.-(农业生物技术系列)
    
    
    ISBN 7-5025-7928-1:¥35.00
    
●
相关链接 在E读中查询图书 在五车中查询图书 在当当中查询图书 在豆瓣中查询图书


正题名:植物检疫方法与技术     索取号:S41/n2         预约/预借

序号 登录号 条形码 馆藏地/架位号 状态 备注
1 6601122   266011228   密集书库-生命科学系/ [索取号:S41/n2] 在馆    
唐山师范学院图书馆 欢迎您!
大连网信软件有限公司© 版权所有